Kỹ thuật trồng cam : Bảo quản và chế biến

Giới thiệu chung về cây cam, một số giống cam phổ biến ở nước ta và yêu cầu ngoại cảnh của cam. Trình bày kĩ thuật nhân giống, trồng, chăm sóc, thu hoạch và bảo quản cam

محفوظ في:
التفاصيل البيبلوغرافية
المؤلف الرئيسي: Ngô, Hồng Bình
التنسيق: كتاب
اللغة:Undetermined
منشور في: Hà Nội Nông nghiệp 2012
الموضوعات:
الوسوم: إضافة وسم
لا توجد وسوم, كن أول من يضع وسما على هذه التسجيلة!
Thư viện lưu trữ: Trung tâm Học liệu Trường Đại học Cần Thơ
LEADER 00866nam a2200217Ia 4500
001 CTU_208986
008 210402s9999 xx 000 0 und d
020 |c 15000 
082 |a 634.31 
082 |b B312 
100 |a Ngô, Hồng Bình 
245 0 |a Kỹ thuật trồng cam : 
245 0 |b Bảo quản và chế biến 
245 0 |c Ngô Hồng Bình (Chủ biên) 
260 |a Hà Nội 
260 |b Nông nghiệp 
260 |c 2012 
520 |a Giới thiệu chung về cây cam, một số giống cam phổ biến ở nước ta và yêu cầu ngoại cảnh của cam. Trình bày kĩ thuật nhân giống, trồng, chăm sóc, thu hoạch và bảo quản cam 
650 |a Mandarin orange,Cam quýt 
904 |i Hải 
980 |a Trung tâm Học liệu Trường Đại học Cần Thơ